1036 1149 1249 1289 1789 1229 1928 1955 1399 1206 1570 1686 1958 1859 1964 1950 1101 1874 1309 1351 1964 1808 1418 1525 1232 1993 1948 1165 1901 1700 1282 1864 1748 1734 1901 1155 1666 1756 1725 1900 1012 1760 1570 1866 1950 1334 1215 1616 1936 1020 1435 1700 1139 1183 1737 1821 1976 1709 1507 1016 1140 1689 1549 1319 1656 1320 1516 1190 1475 1519 1457 1961 1922 1979 1243 1886 1346 1741 1880 1379 1400 1626 1719 1572 1190 1406 1431 1080 1035 1781 1053 1663 1240 1294 1463 1656 1373 1781 1097 BCNSPRNW ULIB Ver.6.0+V

เปลี่ยนเป็นภาษาไทย

Change to English
 แสดงรายละเอียดบรรณานุกรม
  กลับหน้าหลัก

Brief Record : Get Marc (ISO 2709) : E-mail record : QR code < ปิดหน้าต่าง
LEADER : 00000nam 2200000uu 4500
001    13399124435
003     ULIB
008    150717s2558||||th 000 0 tha d
020    ^a9786163615343
060  4 ^aWB935^bบ427 ล.1
100 0  ^aบุญชัย อิศราพิสิษฐ์
245 10 ^aพิชิตโรคโดยไม่ใช้ยา เล่ม 1 ตอน ปฏิวัติชีวิต--ปฏิวัติสุขภาพ /^cบุญชัย อิศราพิสิษฐ์
250    ^aพิมพ์ครั้งที่ 6
260    ^aกรุงเทพฯ :^bสุขภาพดี,^c2558
300    ^a276 หน้า :^bภาพประกอบ
500    ^aพิชิตโรคร้าย--โดยไม่ใช้ยา สุดยอดหนังสือดี เล่ม 1
650  7 ^aการดูแลสุขภาพด้วยตนเอง
650  7 ^aพฤติกรรมสุขภาพ
650  7 ^aการรักษาด้วยธรรมชาติ
650  7 ^aการดูแลตนเอง
945    ^p200^l0^i22987
999    ^aทศพร เกษรทอง
รายการนี้ยังไม่มีแท็ก
คุณยังไม่ได้ล็อกอิน คุณสามารถมีกิจกรรมร่วมกับเว็บไซต์ได้ แต่ต้องล็อกอินก่อน ::
  ล็อกอิน

รายการสื่อสารสนเทศ

ลำดับที่ ประเภท เลขเรียก/บาร์โค้ด สถานที่ สถานะ
1. วิทยาศาสตร์การแพทย์ และสุขภาพ
วิทยาศาสตร์การแพทย์ และสุขภาพ
WB935 บ427 ล.1 ฉ.1 
  Barcode: 22987
ห้องสมุดวิทยาเขตนครสวรรค์
►ส่วนจัดเก็บหนังสือเก่า นว.
บนชั้น
  ขอยืม

รายการใกล้เคียง
    ผู้แต่ง [บุญชัย อิศราพิสิษฐ์]

    หัวเรื่อง [การดูแลสุขภาพด้วยตนเอง]
    หัวเรื่อง [พฤติกรรมสุขภาพ]
    หัวเรื่อง [การรักษาด้วยธรรมชาติ]
    หัวเรื่อง [การดูแลตนเอง]

BibComment


ยังไม่เคยถูกคอมเมนท์

คอมเมนท์ทรัพยากรรายการนี้
  คอมเมนท์: พิชิตโรคโดยไม่ใช..


 Copyright 2026. Bcnsprnw @Library